00609nam a2200193Ia 4500008004100000020001400041082001400055100002000069245003000089250000800119260004500127300002800172500001900200600002700219650002000246942000700266952012700273999001500400240925s9999 xx 000 0 und d a133937119 a512.5 KOL aKolman, Bernard 0aElementary Linear Algebra a6th aNew Jersey:bPrintice- Hall Int.c,1995. axxx,793p.bNAfOriginal aIncludes Index aEngineering Technology aNatural Science cBK 001040708ETaUITUbUITUd2002-02-07eImran Book Centreg95.00l0o512.5 KOLpQ4218r2024-09-25 07:13:26w2024-09-25yBK c6717d6717